হোমার ইলিয়ড /

Detaylı Bibliyografya
Diğer Yazarlar: আলী, মোবাশ্বের
Materyal Türü: Kitap
Dil:Bengali
Baskı/Yayın Bilgisi: ঢাকা : বাংলা একাডেমী, ২০০১
Konular:
Classic Catalogue: View this record in Classic Catalogue
LEADER 00903nam a22002297a 4500
001 AAL4429
003 BD-DhAAL
005 20160524102547.0
008 160524s 2001bg ||||| |||| 00| 0 ben d
020 |a 9840741640 
040 |a BD-DhAAL  |c BD-DhAAL 
082 |a 883.1 
245 |a হোমার ইলিয়ড /  |c অনুবাদ মোবাশ্বের আলী 
260 |a ঢাকা :  |b বাংলা একাডেমী,   |c ২০০১ 
300 |a ৩০৭ পৃ. :  |c ২২ সে.মি. 
541 |e 4429 
650 |a গ্রীক গল্প  |9 19577 
700 |a  আলী, মোবাশ্বের  |9 19578 
852 |a Savar Campus Library   |c General Shelf 
942 |2 ddc  |c BK 
999 |c 37565  |d 37565 
952 |0 0  |1 0  |2 ddc  |4 0  |6 883_100000000000000_HOM  |7 0  |9 59037  |a SCL  |b SCL  |c GEN  |d 2016-05-24  |g 200.00  |l 6  |m 21  |o 883.1 HOM  |p 3020004429  |r 2023-09-28  |s 2023-09-25  |t 1  |w 2016-05-24  |y BK